MARC

LEADER 00000cam a2200000 7i4500
001 0000024978
005 20131120.0
008 131112 my a may
040 |a INS 
090 0 0 |a SN24 
110 1 |a Kursus pemantapan kecergasan dan kesihatan ( Siri 1 ) ,   |d 2012 13 - 16 Februari   |c INSPEN, Bangi 
245 0 0 |a Kursus pemantapan kecergasan dan kesihatan ( Siri 1 ) :   |b 13 - 16 Februari 2012   |c Anjuran Pusat Pengurusan dan Teknologi Maklumat, INSPEN 
260 |a Bangi :   |b Institut Penilaian Negara ,   |c 2012 
300 |a 1v. (Various pagings) :   |b pic., ill. ;   |c 30 cm. 
650 0 |a Physical training 
650 0 |a Physical education and training 
710 1 |a INSPEN ( Institut Penilaian Negara ) 
856 |u http://app.inspen.gov.my:7779/pls/portal/docs/PAGE/CORPORATEPAGES/PORTAL_INSPEN/NOTA_KURSUS/SN/KURSUS%20PEMANTAPAN%20KECERGASAN%20DAN%20KESIHATAN%20SIRI1%201316022012.PDF 
999 |a SN00000056   |b BOOK   |c Course Notes   |e Default branch 
999 |a SN00000057   |b BOOK   |c Course Notes   |e Default branch 
999 |a SN00000062   |b BOOK   |c Course Notes   |e Default branch